logo

Bir Sreshtho Munshi Abdur Rouf Library
Jhenaidah Cadet College

Modern economic development of Pakistan / (Record no. 8614)

MARC details
000 -LEADER
fixed length control field 00530nam a22002173 4500
001 - CONTROL NUMBER
JCCL Control Number 8614
003 - CONTROL NUMBER IDENTIFIER
JCCL marc code BD - JhCC
005 - DATE AND TIME OF LATEST TRANSACTION
control field 20231030075912.0
008 - FIXED-LENGTH DATA ELEMENTS--GENERAL INFORMATION
fixed length control field 970107s1952 xx 000 0 und d
035 ## - SYSTEM CONTROL NUMBER
system control number (BD - JhCC)8614
040 ## - CATALOGING SOURCE
Original cataloging agency EQO
Transcribing agency EQO
Modifying agency BD-JhCC
041 ## - LANGUAGE CODE
Language code of Book eng
082 ## - DEWEY DECIMAL CLASSIFICATION NUMBER
Author mark and Year SHA 1952
100 1# - MAIN ENTRY--PERSONAL NAME
Personal name Sharif, M. R.
245 13 - TITLE STATEMENT
Title Modern economic development of Pakistan /
Statement of responsibility, etc M. R.Sharif.
250 ## - EDITION STATEMENT
Edition statement 4th, revised ed.
260 ## - PUBLICATION, DISTRIBUTION, ETC. (IMPRINT)
Place of publication, distribution, etc Dacca:
Date of publication, distribution, etc 1966.
300 ## - PHYSICAL DESCRIPTION
Pagination 396 p. :
Dimensions 22 cm.
942 ## - ADDED ENTRY ELEMENTS (KOHA)
Source of classification or shelving scheme Dewey Decimal Classification
Koha item type Books
Holdings
Source of classification or shelving scheme Damaged status Not for loan Home library Current library Shelving location Date of accession Full call number Barcode Date last seen Copy number Method of acquisition Koha item type
Dewey Decimal Classification     JCC Rouf Library JCC Rouf Library General Stacks 10/30/2023 330.9547 SHA 1966 11372 02/28/2018 C - 1 Purchase Books

JCC Library | Contacts | JCC Home

Last Update on 23 September 2017
Copyright @ 2017-2020 JCC Rouf Library
Rouf Library, Jhenidah Cadet College (JCC), Bangladesh